| 000 | 00418nam a22001697a 4500 | ||
|---|---|---|---|
| 003 | OSt | ||
| 005 | 20260323125640.0 | ||
| 008 | 260323b |||||||| |||| 00| 0 Pun d | ||
| 020 | _a8175991577 | ||
| 040 | _cBGL | ||
| 100 | _aਭੁੱਲਰ ਗੁਰਬਚਨ ਸਿੰਘ | ||
| 245 | _aਸਤਿਆਰਥ | ||
| 260 |
_aDelhi _bNavyug Publishers _c2026 |
||
| 300 | _a880p | ||
| 650 | _aPunjabi | ||
| 942 |
_2ddc _cREF |
||
| 999 |
_c44332 _d44332 |
||